Know Your Lantern Corps! Quiz Stats

Quiz Updated Apr 6, 2012

Also try: Green Lantern Oath
Challenge
Share
Tweet
Embed
Score 0/45 Timer 05:00
1 Play Today
Category Answer % Correct
ColorGreen
98.3%
ColorRed
96.3%
ColorBlue
94.9%
ColorYellow
94.9%
ColorBlack
90.8%
ColorOrange
89.6%
ColorWhite
86.5%
EmotionRage
72.9%
ColorViolet
67.8%
ColorIndigo
64.8%
EmotionFear
56.2%
EmotionLove
55.4%
EmotionDeath
47.2%
EmotionWillpower
47.2%
EmotionAvarice
45.3%
EmotionHope
44.3%
New GuardianHal Jordan
43.4%
EmotionLife
42.5%
HomeworldOa
38.7%
HomeworldEarth
36.1%
New GuardianSinestro
34.7%
EmotionCompassion
31.3%
EntityParallax
24.9%
Category Answer % Correct
New GuardianLarfleeze
20.7%
New GuardianAtrocitus
20.2%
New GuardianNone
19.8%
New GuardianCarol Ferris
19.4%
EntityIon
19%
EntityBlack Hand
18.6%
New GuardianSaint Walker
17.6%
New GuardianNone
17.3%
New GuardianIndigo-1
14.5%
EntityKyle Rayner
13.6%
EntityThe Butcher
12.9%
HomeworldQward
12.3%
EntityThe Predator
12.2%
HomeworldYsmault
8.7%
HomeworldZamaron
8.5%
HomeworldNok
8.1%
EntityOphidian
7.1%
EntityAdara
6.5%
HomeworldOdym
6.3%
HomeworldOkaara
6.2%
HomeworldRyut
5.7%
EntityProselyte
5.7%

You're not logged in!

Compare scores with friends on all Sporcle quizzes.
Sign Up with Email
OR
Log In

You Might Also Like...

Show Comments

Extras

Top Quizzes Today


Score Distribution

Your Account Isn't Verified!

In order to create a playlist on Sporcle, you need to verify the email address you used during registration. Go to your Sporcle Settings to finish the process.